000
00311nam a22001337a 4500
008
180227b xxu||||| |||| 00| 0 eng d
020
_a
0871875454
041
_a
eng
080
_a
341
100
_a
20
101
_a
SHP
245
_a
Governors & Legislatures Contenting Powers
_c
Rosenthal, A
942
_2
udc
_c
BK
999
_c
43582
_d
43582